| 000 | 01236cam a2200289 i 4500 | ||
|---|---|---|---|
| 001 | 28272 | ||
| 003 | BD-RjUL | ||
| 005 | 20211209051247.0 | ||
| 008 | 140330s1975 ne a b 100 0 eng | ||
| 020 | _a0444108483 (American) | ||
| 035 | _a(BD-RjUL)28353 | ||
| 040 |
_aDLC _cDLC _dBD-RjUL _beng |
||
| 041 | _aeng | ||
| 082 | 0 | 0 |
_a338.473500002854 _bECO 1975 |
| 245 | 0 | 0 |
_aEconomics of informatics : _bproceedings of the IBI-ICC international symposium, Mainz, 16-20 September, 1974 / _corganized by Intergovernmental Bureau for Informatics, IBI-ICC, Rome ; edited by A. B. Frielink. |
| 260 |
_aAmsterdam : _bNorth-Holland Pub. Co. ; _aNew York : _bAmerican Elsevier Pub. Co., _c1975. |
||
| 300 |
_a469 p. : _bill. ; _c23 cm. |
||
| 504 | _aIncludes bibliographies. | ||
| 650 | 0 |
_aPublic administration _xData processing _xEconomic aspects _vCongresses. _986583 |
|
| 650 | 0 |
_aElectronic data processing _xCost effectiveness _vCongresses. _986584 |
|
| 650 | 0 |
_aInformation storage and retrieval systems _xEconomic aspects _vCongresses. _986585 |
|
| 700 | 1 |
_aFrielink, A. B. _986586 |
|
| 710 | 2 |
_aIntergovernmental Bureau for Informatics. _986587 |
|
| 710 | 2 |
_aInternational Computation Centre. _986588 |
|
| 942 |
_2ddc _cBK |
||
| 999 |
_c28272 _d28272 |
||